Effectiveness, motives and diffusion of joint-venture strategies : a study in the information technology sector
Αποθηκεύτηκε σε:
| Κύριος συγγραφέας: | |
|---|---|
| Συγγραφή απο Οργανισμό/Αρχή: | |
| Άλλοι συγγραφείς: | |
| Μορφή: | Thesis Βιβλίο |
| Γλώσσα: | English |
| Δημοσίευση: |
1989.
|
| Θέματα: | |
| Ετικέτες: |
Προσθήκη ετικέτας
Δεν υπάρχουν, Καταχωρήστε ετικέτα πρώτοι!
|
MARC
| LEADER | 00000cam a2200000 i 4500 | ||
|---|---|---|---|
| 001 | 1/24214 | ||
| 008 | 011123s1989 mau| ||| |||| ||eng|| | ||
| 035 | |l 10067824 | ||
| 040 | |a GR-MyUa |b gre |e AACR2 | ||
| 041 | 0 | |a eng | |
| 082 | 7 | |a 658.4038 |2 (22) | |
| 100 | 1 | |a Koh, Jeongsuk. | |
| 245 | 1 | 0 | |a Effectiveness, motives and diffusion of joint-venture strategies : |b a study in the information technology sector / |c Jeongsuk Koh ; Massachusetts of institute of technology, Sloan School of management ; Prof. N. Venkatraman thesis supervisor, Prof. Jim Orlin chairman Doctoral program. |
| 260 | |c 1989. | ||
| 300 | |a 212 σ. ; |c 29 εκ. | ||
| 502 | |a Διατριβή (διδακτορική) - Massachusetts Institute of Technology, 1989. | ||
| 650 | 0 | |a Information technology. | |
| 650 | 0 | |a Organizational effectiveness. | |
| 500 | |a Submitted to ths Sloan School of Management in Partial Fulfillment of the Requirement for the Degree Doctor of Philosophy. | ||
| 504 | |a Περιλαμβάνει βιβλιογραφία. | ||
| 700 | 1 | |a Venkatraman, N. |e dgs | |
| 700 | 1 | |a Orlin, Jim. | |
| 710 | 2 | |a Massachusetts Institute of Technology. | |
| 852 | |a INST |b CHIOS |c DIATROTHER |e 20011123 |h 658.4038 KOH |p 005200020869 |q 005200020869 |t PHD |y 23 | ||
| 901 | |a BIBL2-2001-3 | ||
| 970 | |a ΝΤΟΥΜΗ |b ΜΑΡΙΑ |z 2001/11/23 | ||